Municipalities of Dane County, Wisconsin - Statistics

General Stats
  • This quiz has been taken 315 times
  • The average score is 26 of 61
Answers on the Map
Answers color-coded by a green-red scale on the quiz's map according to % correct below.
 
Answer Stats
Answer % Correct
City of Madison
97%
Town of Madison
97%
City of Middleton
85%
City of Sun Prairie
85%
Town of Middleton
85%
Town of Sun Prairie
85%
City of Verona
80%
Town of Verona
80%
City of Monona
69%
City of Fitchburg
66%
Town of Oregon
65%
Village of DeForest
65%
Village of Oregon
65%
City of Stoughton
62%
Village of Waunakee
62%
Town of Cottage Grove
61%
Village of Cottage Grove
61%
Village of Mount Horeb
61%
Town of Dane
58%
Village of Dane
58%
Village of McFarland
57%
Town of Cross Plains
50%
Village of Cross Plains
50%
Village of Shorewood Hills
50%
Town of Black Earth
49%
Village of Black Earth
49%
Town of Mazomanie
44%
Village of Mazomanie
44%
Town of Deerfield
41%
Village of Deerfield
41%
Village of Marshall
40%
Town of Blue Mounds
38%
Village of Blue Mounds
38%
Village of Maple Bluff
38%
Village of Windsor
35%
Village of Brooklyn
30%
Village of Cambridge
29%
Village of Belleville
28%
City of Edgerton
26%
Town of Burke
23%
Town of Primrose
22%
Town of Roxbury
22%
Town of Springfield
22%
Town of Vermont
22%
Town of Westport
22%
Town of Berry
20%
Town of Bristol
17%
Town of Vienna
17%
Town of Blooming Grove
16%
Town of Dunn
16%
Town of Rutland
15%
Town of Albion
14%
Town of Montrose
14%
Town of York
14%
Town of Perry
13%
Town of Springdale
13%
Town of Dunkirk
12%
Town of Pleasant Springs
12%
Town of Medina
11%
Village of Rockdale
11%
Town of Christiana
8%
No matching quizzes found
Score Distribution
Percent of People with Each Score
Percentile by Number Answered
Your Score History
You have not taken this quiz